00575nam a2200157Ia 450000500170000000800410001708200130005810000200007124500300009126000660012130000120018750001020019994200060030195200950030799900150040220250521035303.0240331s9999 xx 000 0 und d bDESa305 aDe Silva, Dulci 0aParlimentuwa thula streen aRajagiriyabMothers and Daughters of Child Organizationc2003 a25 p ., aThis Booklet Present to a Concise Overview of women's Representation in the Sri Lankan Parliament cL 001040708LaWERCLbWERCLcSSCd2024-03-31l0o 305 DESp4873r2024-03-31w2024-03-31yL c1455d1455